| 000 | 04861cam a22018494i 4500 | ||
|---|---|---|---|
| 003 | PE-LiUPU | ||
| 005 | 20250813165345.0 | ||
| 008 | 121023s2012 sp r 000 0 spa d | ||
| 020 | _a8436827082 | ||
| 020 | _a9788436827088 | ||
| 035 | _a(Sirsi) i9788436827088 | ||
| 040 |
_aESUDE _bspa _cESUDE _dBNM _dPE-LiUPU _erda |
||
| 082 | 0 | 4 |
_a657.48 _bL86 _220 |
| 100 | 1 |
_aLópez Herrera, Diego, _eautor. |
|
| 245 | 1 | 0 |
_aContabilidad y análisis financiero : _bespecial referencia a las empresas turísticas / _cDiego López Herrera, Manuel Orta Pérez, Laura Sierra García. |
| 264 |
_aMadrid : _bPirámide, _c2012. |
||
| 300 |
_a193 páginas ; _c24 centímetros. |
||
| 336 |
_atext _2rdacontent |
||
| 337 |
_aunmediated _2rdamedia |
||
| 338 |
_avolume _2rdacarrier |
||
| 490 | 0 | _aEconomía y empresa | |
| 505 | 0 | _aLa comunicación de la información contable -- Introducción a la contabilidad -- La información contable financiera suministrada por las empresas -- Análisis conceptual de los componentes del balance de situación -- Análisis conceptual de los componentes de la cuenta de pérdidas y ganancias -- La memoria, el estado de cambio en el patrimonio neto y de estado de flujos de efectivo. Otros informes -- La utilización de la información contable-financiera suministrada por la empresa -- El análisis de la información contable-financiera: objetivos y métodos -- Análisis de la situación financiera a corto plazo -- Análisis de la situación financiera a largo plazo -- El análisis de los resultados. | |
| 526 | _aP203 | ||
| 526 | _aP200 | ||
| 526 | _aSEG65 | ||
| 526 | _aSEG64 | ||
| 526 | _aSEG63 | ||
| 526 | _aSEG62 | ||
| 526 | _aSEG61 | ||
| 526 | _aSEG60 | ||
| 526 | _aSEG59 | ||
| 526 | _aSEG58 | ||
| 526 | _aSEG57 | ||
| 526 | _aSEG56 | ||
| 526 | _aSEG55 | ||
| 526 | _aSEG54 | ||
| 526 | _aSEG53 | ||
| 526 | _aSEG52 | ||
| 526 | _aSEG51 | ||
| 526 | _aSEG50 | ||
| 526 | _aSEG49 | ||
| 526 | _aSEG48 | ||
| 526 | _aSEG47 | ||
| 526 | _aSEG46 | ||
| 526 | _aSEG24 | ||
| 526 | _aSEG23 | ||
| 526 | _aSEG22 | ||
| 526 | _aSEG21 | ||
| 526 | _aSEG20 | ||
| 526 | _aSEG19 | ||
| 526 | _aSEG18 | ||
| 526 | _aSEG17 | ||
| 526 | _aSEG16 | ||
| 526 | _aSEG14 | ||
| 526 | _aSEG13 | ||
| 526 | _aSEG12 | ||
| 526 | _aSEG11 | ||
| 526 | _aSEG10 | ||
| 526 | _aSEG09 | ||
| 526 | _aSEG06 | ||
| 526 | _aSEG05 | ||
| 526 | _aSEG04 | ||
| 526 | _aSEG03 | ||
| 526 | _aSEG02 | ||
| 526 | _aSEG68 | ||
| 526 | _aSEG66 | ||
| 526 | _aSEG45 | ||
| 526 | _aSEG25 | ||
| 526 | _aSEG01 | ||
| 526 | _aP163 | ||
| 526 | _aP162 | ||
| 526 | _aP161 | ||
| 526 | _aP160 | ||
| 526 | _aP159 | ||
| 526 | _aP158 | ||
| 526 | _aP157 | ||
| 526 | _aP156 | ||
| 526 | _aP155 | ||
| 526 | _aP154 | ||
| 526 | _aP153 | ||
| 526 | _aP152 | ||
| 526 | _aP151 | ||
| 526 | _aP150 | ||
| 526 | _aP149 | ||
| 526 | _aP142 | ||
| 526 | _aP141 | ||
| 526 | _aP140 | ||
| 526 | _aP139 | ||
| 526 | _aP138 | ||
| 526 | _aP137 | ||
| 526 | _aP132 | ||
| 526 | _aP131 | ||
| 526 | _aP130 | ||
| 526 | _aP126 | ||
| 526 | _aP125 | ||
| 526 | _aP124 | ||
| 526 | _aP123 | ||
| 526 | _aP115 | ||
| 526 | _aP122 | ||
| 526 | _aP121 | ||
| 526 | _aP116 | ||
| 526 | _a P114 | ||
| 526 | _aP112 | ||
| 526 | _aP111 | ||
| 526 | _aP104 | ||
| 526 | _aP103 | ||
| 526 | _aP102 | ||
| 526 | _aP101 | ||
| 526 | _aP100 | ||
| 526 | _aP96 | ||
| 526 | _aP95 | ||
| 526 | _aP93 | ||
| 526 | _aP92 | ||
| 526 | _aP91 | ||
| 526 | _aP88 | ||
| 526 | _aP83 | ||
| 526 | _aP82 | ||
| 526 | _aP79 | ||
| 526 | _aP78 | ||
| 526 | _aP75 | ||
| 526 | _aP74 | ||
| 526 | _aP71 | ||
| 526 | _aP69 | ||
| 526 | _a P51 | ||
| 526 | _aP49 | ||
| 526 | _aP48 | ||
| 526 | _aP47 | ||
| 526 | _aP33 | ||
| 526 | _aP31 | ||
| 526 | _a P30 | ||
| 526 | _aP29 | ||
| 526 | _aP27 | ||
| 526 | _aP26 | ||
| 526 | _aP25 | ||
| 526 | _aP24 | ||
| 526 | _a P22 | ||
| 526 | _aP10 | ||
| 526 | _aP09 | ||
| 526 | _a P08 | ||
| 526 | _aP06 | ||
| 526 | _aP05 | ||
| 526 | _aP04 | ||
| 526 | _aP01 | ||
| 541 | _g0300020068; | ||
| 650 | 7 |
_aAnálisis financiero _2embne |
|
| 650 | 7 |
_aContabilidad _2embne _9436 |
|
| 650 | 0 | 4 | _aAnálisis financiero. |
| 650 | 0 | 4 |
_aEmpresas turísticas _xContabilidad. |
| 700 | 1 |
_aOrta Pérez, Manuel, _eautor. |
|
| 700 | 1 |
_aSierra García, Laura, _eautor. |
|
| 910 |
_ajck _bebj _cebj _d20160704 |
||
| 942 |
_2ddc _cBOOK |
||
| 949 |
_a657.48 L86 _wDEWEY _c1 _i73831 _lCCODEBUL1 _mBUL _p27.03 _r0 _sY _tBOOK _u2016-7-4 _xFCE _0COMPRA _o.STAFF. Posgrado |
||
| 994 |
_aC0 _bPEPRU |
||
| 596 | _a1 | ||
| 999 |
_a657.48 L86 _wDEWEY _c10348 _i73831 _d10348 _e2017-6-23 _f2021-11-5 _g5 _lCCODEBUL1 _mBUL _n1 _p27.03 _q3 _r0 _sY _tBOOK _u2016-7-4 _xFCE _PP08 _0COMPRA _o.STAFF. Posgrado |
||
| 980 |
_81 _gALBERTO SANCHEZ Responsable de Automatización |
||